Movies Quiz

Random Movies Quiz

Movie By Tagline Quiz Stats

 Plays Quiz not verified by Sporcle

Challenge
Share
Tweet
Embed
Score 0/20 Timer 10:00
0 Plays Today
Tagline Movie % Correct
Who says you're only young once?17 Again
50.5%
Only the 'Old One' could teach him the secrets of the masters.The Karate Kid
41.9%
Two dancers. Two worlds. One dream. Step Up
38.1%
He was the perfect weapon until he became the target.The Bourne Identity
35.2%
When you can live forever what do you live for?Twilight
21.9%
She's about to give crime fighting a makeover.Miss Congeniality
21.9%
She's about to find the perfect fit.27 Dresses
14.3%
He will rock you.A Knight's Tale
14.3%
He's a big-city kid in a small town. They said he'd never win. He knew he had to.Footloose
13.3%
Get in. Get out. Get even.The Italian Job
7.6%
Tagline Movie % Correct
Yesterday was about honor. Today is about justice.Shooter
6.7%
Everybody has a secret...She's The Man
4.8%
One of them is lying. So is the other.How To Lose A Guy In Ten Days
3.8%
Life doesn't hold tryouts.Center Stage
2.9%
Two can make all the difference in the world. The Cutting Edge
2.9%
Believe In Happy EndingsBedtime Stories
2.9%
A romantic comedy about love, destiny and other events you just can't plan for.The Wedding Planner
2.9%
They're addicted to stealing fast cars.RPM
2.9%
Life is how you live it... not how you spend it.The Ultimate Gift
1.9%
In an ordinary place, he found the one person to make his life extraordinary.Finding Forrester
1.9%

You're not logged in!

Compare scores with friends on all Sporcle quizzes.
OR
Log In

You Might Also Like...

Show Comments

Extras

Created Jun 24, 2010ReportNominate
Tags:Taglines

Top Quizzes Today


Score Distribution

Your Account Isn't Verified!

In order to create a playlist on Sporcle, you need to verify the email address you used during registration. Go to your Sporcle Settings to finish the process.

Report this User

Report this user for behavior that violates our Community Guidelines.

Details: